Vista normal
Vista MARC
Entrada Materia (personas)
Número de registros utilizados en: 2
001 - CONTROL NUMBER
- control field: 58191
003 - CONTROL NUMBER IDENTIFIER
- control field: Co-BoUCM
005 - DATE AND TIME OF LATEST TRANSACTION
- control field: 20140311114612.0
008 - FIXED-LENGTH DATA ELEMENTS
- fixed length control field: 140311|| aca||aabn | a|a d
040 ## - CATALOGING SOURCE
- Original cataloging agency: Co-BoUCM
- Transcribing agency: Co-BoUCM
100 ## - HEADING--PERSONAL NAME
- Personal name: López Narváez, Concha
670 ## - SOURCE DATA FOUND
- Source citation: Work cat.: (Co-BoUCM)240143: López Narváez, Concha, El principe y el espejo, 2006